Kubikzahlen von 1-25 in 60 Sekunden - Statistiken

Allgemein
  • Dieses Quiz wurde 448 mal gespielt
  • Das Durchschnittsergebnis liegt bei 8 aus 25
Antwortstatistiken
Zahl Ergebnis % Korrekt
1
100%
8
97%
27
94%
125
84%
64
84%
216
55%
10³ 1000
50%
343
34%
20³ 8000
30%
512
24%
729
18%
11³ 1331
14%
12³ 1728
8%
16³ 4096
8%
25³ 15625
7%
15³ 3375
7%
24³ 13824
6%
13³ 2197
6%
14³ 2744
6%
17³ 4913
6%
18³ 5832
6%
19³ 6859
6%
21³ 9261
6%
22³ 10648
5%
23³ 12167
4%
Keine übereinstimmenden Quizze gefunden
Verteilung der Resultate
Anzahl Personen mit jedem Resultat
Perzentil nach korrekt beantworteten Fragen
Ihre Resultats-Entwicklung
Sie haben dieses Quiz noch nicht gespielt